Universidad y juventud.

Shranjeno v:
Bibliografske podrobnosti
Glavni avtor: Romo S., Luis A. (autor)
Format: Knjiga
Jezik:španščina
Teme:
Oznake: Označite
Brez oznak, prvi označite!

MARC

LEADER 00000cam^a2200000uu^4500
001 000479195
005 20250521000000.0
008 050901s1972^^^^^^^^^^^^rd^r^^000^0^spa^d
009 20260310124931.483
035 |a FCE 000022197 
035 |a FCE 001576 
037 |a Acervo ITESO - Biblioteca 
041 |a spa 
082 0 4 |a 378.24  |b R647u 
100 |a Romo S., Luis A.  |e (autor) 
245 1 0 |a Universidad y juventud. 
264 |a Quito :  |b Fray Jacobo Ricke,  |c 1972. 
300 |a 111 p. 
336 |a texto  |b txt  |2 rdacontenido 
337 |a sin mediación  |b n  |2 rdamedio 
338 |a volumen  |b nc  |2 rdasoporte 
649 |a XX 
650 |a Juventud 
650 |a Estudiantes 
650 |a Universidad 
910 |a Fondo Centro de Estudios Educativos 
920 |a Impresos - Libros 
930 |a Fondos Especiales 
905 |a 133 
901 |a ALE001576  |b IT2  |c CEE  |u 20250521 
902 |a https://opac.biblio.iteso.mx/vufind/Record/000479195